|
|
|
|
| LEADER |
00000nkm a2200000 a 4500 |
| 001 |
vtls012017874 |
| 003 |
SK-MaSNL |
| 005 |
20260512123225.0 |
| 007 |
kp ho |
| 008 |
230706q1901 gw g kuhun |
| 015 |
|
|
|a SNBG1901
|
| 035 |
|
|
|a urn:nbn:sk:snk-km00fajn
|
| 035 |
|
|
|a urn:nbn:sk:snk-km45sm4
|
| 035 |
|
|
|a A24748E6-41A3-4A53-B7C1-A7C1B4A981F6
|
| 040 |
|
|
|a SNK
|b slo
|c SNK
|e AACR2
|
| 041 |
0 |
|
|a hun
|
| 043 |
|
|
|a e-xo---
|
| 044 |
|
|
|a gw
|c DE
|a hu
|c HU
|
| 072 |
|
7 |
|a 913
|x Regionálna geografia
|2 konspekt
|
| 080 |
|
|
|a 913(437.6)
|2 2011
|
| 080 |
|
|
|a 728.82
|2 2011
|
| 080 |
|
|
|a 712.253
|2 2011
|
| 080 |
|
|
|a 904:72
|2 2011
|
| 080 |
|
|
|a 904(084.121)
|2 2011
|
| 080 |
|
|
|a 94(084.121)
|2 2011
|
| 245 |
0 |
0 |
|a Zay - Ugrócz
|h grafika
|
| 260 |
|
|
|a Dresden
|a Budapest
|b Schmidt Edgar
|c [1901?]
|
| 300 |
|
|
|a 1 pohľadnica
|b kolorovaná
|c 9 x 14 cm
|
| 500 |
|
|
|a Názvové údaje prevzaté z obrazovej časti pohľadnice
|
| 520 |
8 |
|
|a Zobrazenie: Pohľad na kaštieľ vpravo v pozadí. Pred ním je trávnatá plocha. Vľavo aj vpravo sú husté listnaté stromy. V spodnej časti po celej šírke pohľadnice sa nachádza biely rámček na správu
|
| 610 |
1 |
7 |
|a Uhrovec (Slovensko : kaštieľ)
|2 SNKKA
|9 172848
|
| 650 |
0 |
7 |
|a kaštiele
|2 SNKPH
|9 28599
|
| 650 |
0 |
7 |
|a parky
|2 SNKPH
|9 2942
|
| 650 |
0 |
7 |
|a národné kultúrne pamiatky
|2 SNKPH
|9 31192
|
| 651 |
|
7 |
|a Látkovce (Uhrovec, Slovensko)
|2 SNKPHgeo
|9 168482
|
| 655 |
|
7 |
|a miestne pohľadnice
|2 SNKPH
|9 70510
|
| 655 |
|
7 |
|a pohľadnice kultúrnych pamiatok
|2 SNKPH
|9 70523
|
| 655 |
|
7 |
|a historické pohľadnice
|2 SNKPH
|9 159703
|
| 752 |
|
|
|a Nemecko
|d Drážďany
|
| 752 |
|
|
|a Maďarsko
|d Budapešť
|
| 852 |
|
|
|a Slovenská národná knižnica
|
| 958 |
|
|
|a GC
|
| 958 |
|
|
|a GBN
|
| 958 |
|
|
|a ONDV
|
| 999 |
|
|
|c 697485
|d 699415
|
| 952 |
|
|
|a SNK
|b SNK
|y PREZ
|7 0
|p 17A1380200
|o snkSP 81252
|8 0
|z Pohľadnica prešla poštou.
|0 0
|1 0
|4 0
|d 2021-03-13
|f 1
|l 0
|r 2026-02-23 20:46:44
|w 2026-02-23
|